Tiemann-Gärtners Handbuch der Untersuchung und beurtheilung der Wässer

Podrobná bibliografie
Hlavní autor: Walter Dr.G.
Další autoři: Gärtner Dr.A.
Jazyk:němčina
Vydáno: Braunschweig, Druck und Verlag von Fridrich Vieweg und Sohn, 1895
Vydání:Auflage 4
Témata:
Médium: Kniha
KOHA link:https://koha.lib.tpu.ru/cgi-bin/koha/opac-detail.pl?biblionumber=174323

MARC

LEADER 00000nam0a2200000 4500
001 174323
005 20231031164638.0
035 |a (RuTPU)RU\TPU\book\189037 
090 |a 174323 
100 |a 20100126d1895 k y0rusy50 ca 
101 0 |a ger 
102 |a DE 
105 |a y z 000zy 
200 1 |a Tiemann-Gärtners Handbuch der Untersuchung und beurtheilung der Wässer  |f Dr.G. Walter, Dr.A. Gärtner 
205 |a Auflage 4 
210 |a Braunschweig  |c Druck und Verlag von Fridrich Vieweg und Sohn  |d 1895 
215 |a 841 s. 
610 1 |a вода 
610 1 |a исследование 
610 1 |a оценка 
610 1 |a тестирование 
610 1 |a минеральные воды 
610 1 |a исследование 
675 |a 556  |v 3 
700 1 |a Walter  |b Dr.G. 
701 1 |a Gärtner  |b Dr.A. 
801 1 |a RU  |b 63413507  |c 20100126 
801 2 |a RU  |b 63413507  |c 20100921  |g RCR 
942 |c BK